Allsvenskans största försäljningar - Statistics

General Stats
  • This quiz has been taken 9 times
  • The average score is 6 of 15
Answer Stats
Hint Answer % Correct
AIK 2017 Alexander Isak
86%
Hammarby 2025 Bazoumana Toure
71%
Hammarby 2024 Deniz Gul
71%
Djurgården 2024 Lucas Bergvall
71%
Malmö FF 2001 Zlatan Ibrahimovic
71%
Hammarby 2024 Nathaniel Adjei
43%
Hammarby 2022 Williot Swedberg
43%
Malmö FF 2023 Hugo Larsson
29%
AIK 2024 Lamine Fanne
29%
BK Häcken 2024 Momoudo Sonko
29%
IFK Norrköping 2021 Sead Haksabanovic
29%
Malmö FF 2024 Sebastian Nanasi
29%
BK Häcken 2025 Jeremy Agbonifo
14%
IFK Göteborg 2024 Malick Yalcouyé
14%
Djurgården 2024 Samuel Dahl
14%
No matching quizzes found
Score Distribution
Percent of People with Each Score
Percentile by Number Answered
Your Score History
You have not taken this quiz